[Event "Women's Speed Chess Q7"]
[Site "chess.com INT"]
[Date "2021.06.06"]
[Round "6"]
[White "Koridze, Lile"]
[Black "Kashlinskaya, Alina"]
[Result "1/2-1/2"]
[WhiteTitle "WFM"]
[BlackTitle "IM"]
[WhiteElo "2016"]
[BlackElo "2494"]
[WhiteFideId "13612514"]
[BlackFideId "4198026"]
[EventDate "2021.06.06"]

1. d4 d5 2. c4 e6 3. Nf3 c6 4. g3 Bd6 5. Bg2 f5 6. O-O Nf6 7. Nbd2 O-O 8. e3
Nbd7 9. b3 b6 10. Bb2 Bb7 11. Ne5 c5 12. cxd5 exd5 13. Ndc4 Bc7 14. dxc5 dxc4
15. Nxd7 Nxd7 16. Bxb7 Rb8 17. Bd5+ Kh8 18. c6 Ne5 19. bxc4 Qe7 20. Qe2 Rbd8 21.
Rad1 Qg5 22. f4 Qg4 23. Qg2 Nxc4 24. h3 Qh5 25. g4 fxg4 26. hxg4 Qe8 27. Bxc4
Qxe3+ 28. Kh1 Rxd1 29. Rxd1 Qxf4 30. Rf1 Qh6+ 31. Kg1 Qe3+ 32. Kh1 Qh6+ 33. Kg1
Qe3+ 34. Kh1 Qh6+ 1/2-1/2

[Event "Women's Speed Chess Q7"]
[Site "chess.com INT"]
[Date "2021.06.06"]
[Round "6"]
[White "Buksa, Nataliya"]
[Black "Nguyen, Hong Anh"]
[Result "1-0"]
[WhiteTitle "IM"]
[BlackTitle "WIM"]
[WhiteElo "2413"]
[BlackElo "1993"]
[WhiteFideId "14123622"]
[BlackFideId "12406732"]
[EventDate "2021.06.06"]

1. d4 Nf6 2. Nc3 d5 3. Bf4 g6 4. e3 Bg7 5. h4 O-O 6. h5 c5 7. hxg6 hxg6 8. Nf3
cxd4 9. exd4 Nc6 10. Bd3 Ne4 11. Nxe4 dxe4 12. Bxe4 Nxd4 13. Nxd4 Qxd4 14. Qxd4
Bxd4 15. c3 Bf6 16. O-O-O a5 17. f3 Be6 18. Kb1 Ra7 19. g4 a4 20. Rde1 a3 21.
Bxg6 Bxa2+ 22. Kxa2 axb2+ 23. Kxb2 fxg6 24. Be3 Ra6 25. Rh6 Kg7 26. Reh1 Rfa8
27. Rh7+ Kg8 28. g5 Ra2+ 29. Kb3 R2a3+ 30. Kb4 Bxc3+ 31. Kc4 Bg7 32. Bc5 Rxf3
33. R7h4 e5 34. Kd5 Rd8+ 35. Ke6 Rc3 36. Ke7 Rb8 37. Bd6 Bf8+ 38. Ke6 Bxd6 39.
Rh8+ Kg7 40. R1h7# 1-0

[Event "Women's Speed Chess Q7"]
[Site "chess.com INT"]
[Date "2021.06.06"]
[Round "6"]
[White "Pandey, Srishti"]
[Black "Dauletova, Gulmira"]
[Result "0-1"]
[WhiteTitle "WFM"]
[BlackTitle "WGM"]
[WhiteElo "2026"]
[BlackElo "2257"]
[WhiteFideId "35093290"]
[BlackFideId "13702971"]
[EventDate "2021.06.06"]

1. e4 e5 2. Nc3 Nc6 3. Bc4 Bc5 4. d3 Nf6 5. f4 d6 6. f5 a6 7. a3 h6 8. g4 Nh7 9.
Nf3 Ng5 10. h4 Nxf3+ 11. Qxf3 Nd4 12. Qg2 b5 13. Ba2 Bb7 14. g5 Qe7 15. gxh6
gxh6 16. Qg7 O-O-O 17. f6 Qd7 18. Rh2 Nf3+ 19. Kd1 Nxh2 20. Bxh6 Qg4+ 21. Qxg4+
Nxg4 22. Bg7 Rxh4 23. Ke2 Rh2+ 24. Kf3 Ne3 25. Bxf7 Nxc2 26. Rf1 Nd4+ 27. Kg3
Rxb2 28. Be6+ Nxe6 29. f7 Nxg7 30. f8=Q Rxf8 31. Rxf8+ Kd7 32. Nd5 Bxd5 33. exd5
Ne8 34. Rf7+ Kd8 35. Kf3 Rb3 36. Ke4 Rxa3 37. d4 Bxd4 38. Rd7+ Kxd7 39. Kf5 Rf3+
40. Ke4 Rf4+ 41. Kd3 b4 42. Kc2 Rf2+ 43. Kb3 0-1

[Event "Women's Speed Chess Q7"]
[Site "chess.com INT"]
[Date "2021.06.06"]
[Round "6"]
[White "Corrales Jimenez, Zenia"]
[Black "Cyfka, Karina"]
[Result "0-1"]
[WhiteTitle "WIM"]
[BlackTitle "IM"]
[WhiteElo "2189"]
[BlackElo "2417"]
[WhiteFideId "3506355"]
[BlackFideId "1122681"]
[EventDate "2021.06.06"]

1. e4 e5 2. Nf3 Nc6 3. Bb5 a6 4. Bxc6 dxc6 5. d4 exd4 6. Qxd4 Bg4 7. Qxd8+ Rxd8
8. Nbd2 f6 9. h3 Be6 10. O-O Kd7 11. b3 Kc8 12. Bb2 Bb4 13. c3 Bc5 14. Rad1 Ne7
15. c4 Ng6 16. a3 a5 17. Nb1 Nf4 18. Nc3 Nd3 19. Na4 Ba7 20. Ra1 Nxb2 21. Nxb2
Rd7 22. b4 Rhd8 23. bxa5 Bc5 24. Na4 Ba7 25. Rac1 Rd3 26. e5 Rxa3 27. Nc3 Rxa5
28. exf6 gxf6 29. Rfe1 Bxc4 30. Re7 h5 31. Nh4 Bc5 32. Rh7 b6 33. Ng6 Rd2 34.
Rh8+ Kb7 35. Rf1 Ra3 36. Ne4 Bxf1 37. Nxd2 Bd3 38. Kh2 Bxg6 39. Nf3 Bd6+ 0-1

[Event "Women's Speed Chess Q7"]
[Site "chess.com INT"]
[Date "2021.06.06"]
[Round "6"]
[White "Bommini, Mounika Akshaya"]
[Black "Frayna, Janelle Mae"]
[Result "0-1"]
[WhiteTitle "WFM"]
[BlackTitle "WGM"]
[WhiteElo "2029"]
[BlackElo "2179"]
[WhiteFideId "25019872"]
[BlackFideId "5212499"]
[EventDate "2021.06.06"]

1. b4 e5 2. Bb2 Bxb4 3. Bxe5 Nf6 4. Bb2 O-O 5. e3 d5 6. Be2 Bd6 7. f4 c5 8. Nf3
Nc6 9. O-O Re8 10. c4 d4 11. exd4 cxd4 12. Nxd4 Bc5 13. Kh1 Nxd4 14. Bd3 Bf5 15.
Bxf5 Nxf5 16. Nc3 Bd4 17. Rb1 b6 18. Qc2 Qd7 19. Rf3 Ng4 20. h3 Nf2+ 21. Kh2
Bxc3 22. Bxc3 Ne4 23. Rd3 Qe6 24. Be5 f6 25. Bb2 Rad8 26. Re1 Rxd3 27. Qxd3 Qc6
28. Qb3 Nc5 29. Rxe8+ Qxe8 30. Qf3 Qe4 31. Qg4 h5 32. Qxh5 Qxf4+ 33. Kg1 Qf1+
34. Kxf1 Ng3+ 35. Kf2 Nxh5 36. Ke3 Kf7 37. d4 Na4 38. Ba3 g5 39. d5 Nf4 40. Ke4
Nxg2 41. Kf5 Ne3+ 42. Ke4 Nxc4 0-1

[Event "Women's Speed Chess Q7"]
[Site "chess.com INT"]
[Date "2021.06.06"]
[Round "6"]
[White "Zawadzka, Jolanta"]
[Black "Dong, Khanh Linh"]
[Result "0-1"]
[WhiteTitle "WGM"]
[BlackTitle "WCM"]
[WhiteElo "2403"]
[BlackElo "1970"]
[WhiteFideId "1122320"]
[BlackFideId "12403040"]
[EventDate "2021.06.06"]

1. e4 c5 2. Nf3 d6 3. d4 cxd4 4. Nxd4 Nf6 5. f3 a6 6. c4 g6 7. Nc3 Bg7 8. Be3
O-O 9. Be2 Nc6 10. O-O Bd7 11. Qd2 Rc8 12. Rac1 Ne5 13. b3 Nc6 14. Nc2 Qc7 15.
Kh1 Rfd8 16. Nd5 Nxd5 17. exd5 Ne5 18. h3 Be8 19. f4 Nd7 20. Bd4 Nf6 21. Bf3 Qd7
22. a4 b5 23. Bb6 bxc4 24. bxc4 Rxc4 25. Bxd8 Qxd8 26. Ne3 Rxa4 27. Qc2 Rxf4 28.
Qc8 Qxc8 29. Rxc8 h5 30. Rb1 Kh7 31. Ra8 Ra4 32. Rb7 Ra1+ 33. Kh2 h4 34. Rxe7
Bb5 35. Rxf7 Ra3 36. Raa7 Rxe3 37. Rxg7+ Kh6 38. Rgf7 Nh5 39. Rf8 Kg5 40. Rd8
Ng3 41. Rxd6 Re1 42. Re6 Rh1# 0-1

[Event "Women's Speed Chess Q7"]
[Site "chess.com INT"]
[Date "2021.06.06"]
[Round "6"]
[White "Balabayeva, Xeniya"]
[Black "Nurmanova, Alua"]
[Result "0-1"]
[WhiteTitle "WFM"]
[BlackTitle "WFM"]
[WhiteElo "2116"]
[BlackElo "2093"]
[WhiteFideId "13719688"]
[BlackFideId "13729390"]
[EventDate "2021.06.06"]

1. e4 d6 2. Nf3 Nf6 3. Nc3 g6 4. d4 Bg7 5. Be2 O-O 6. h3 c6 7. a4 Nbd7 8. Be3 e5
9. O-O Re8 10. Bd3 Qc7 11. Re1 b6 12. Qd2 a6 13. dxe5 dxe5 14. Bc4 Bb7 15. Ng5
Rf8 16. Rad1 h6 17. Nf3 Kh7 18. Qd6 Qxd6 19. Rxd6 b5 20. axb5 axb5 21. Bb3 b4
22. Na4 Rfd8 23. Red1 Bf8 24. R6d3 Be7 25. Nb6 Nxb6 26. Bxb6 Rxd3 27. Rxd3 Ba6
28. Re3 Rb8 29. Bc7 Rb7 30. Bxe5 Nd7 31. Bxf7 Bc5 32. Re1 Nxe5 33. Nxe5 Bd4 34.
Nxc6 Bxb2 35. Bd5 Rb6 36. f4 Bc3 37. Rd1 Bb7 0-1

[Event "Women's Speed Chess Q7"]
[Site "chess.com INT"]
[Date "2021.06.06"]
[Round "6"]
[White "Nandhidhaa, P V"]
[Black "Sviridova, Vlada"]
[Result "1-0"]
[WhiteTitle "WGM"]
[BlackTitle "WFM"]
[WhiteElo "2365"]
[BlackElo "2144"]
[WhiteFideId "5050847"]
[BlackFideId "24109606"]
[EventDate "2021.06.06"]

1. e4 e6 2. d4 d5 3. Nc3 Bb4 4. exd5 exd5 5. Bd3 Nc6 6. Nf3 Nge7 7. O-O Bf5 8.
Ne2 O-O 9. c3 Bd6 10. Bf4 Bxd3 11. Qxd3 Ng6 12. Bxd6 Qxd6 13. Ng3 Nce7 14. Rfe1
f6 15. Qd2 Rfe8 16. h4 Qf4 17. Qxf4 Nxf4 18. Re3 Kf7 19. Rae1 g6 20. Nd2 Nc6 21.
Nb3 b6 22. h5 Rxe3 23. hxg6+ hxg6 24. fxe3 Ne6 25. e4 Rd8 26. exd5 Rxd5 27. c4
Rxd4 28. Nxd4 Ncxd4 29. Ne4 f5 30. Nc3 c6 31. b3 Kf6 32. Kf2 Nf4 33. Rh1 Nfe6
34. Rh7 Nc2 35. Rxa7 Nb4 36. a3 Nd3+ 37. Ke3 Nc1 38. b4 Nb3 39. Rb7 Nbd4 40.
Rxb6 f4+ 41. Kf2 Kf5 42. b5 cxb5 43. cxb5 Nc5 44. Rd6 1-0

[Event "Women's Speed Chess Q7"]
[Site "chess.com INT"]
[Date "2021.06.06"]
[Round "6"]
[White "Grineva, Marianna"]
[Black "Purtseladze, Maka"]
[Result "0-1"]
[WhiteTitle "WFM"]
[BlackTitle "IM"]
[WhiteElo "2029"]
[BlackElo "2274"]
[WhiteFideId "14102013"]
[BlackFideId "13602659"]
[EventDate "2021.06.06"]

1. e4 e6 2. d4 d5 3. Nd2 Nf6 4. e5 Nfd7 5. Bd3 b6 6. Nh3 Ba6 7. Bxa6 Nxa6 8. Qg4
h5 9. Qg3 Nb4 10. Kd1 c5 11. c3 Nc6 12. Qf4 cxd4 13. cxd4 Be7 14. Re1 g5 15. Qe3
Rc8 16. a3 Na5 17. b4 Nc4 18. Nxc4 Rxc4 19. Bb2 g4 20. Nf4 Bg5 21. g3 Rg8 22.
Rc1 b5 23. Rxc4 bxc4 24. Bc1 Nb6 25. Qe2 Bxf4 26. Bxf4 Na4 27. Qc2 Qd7 28. Ke2
Rh8 29. f3 gxf3+ 30. Kxf3 Nb6 31. h4 Qa4 32. Rc1 Qxc2 33. Rxc2 Kd7 34. Bg5 Kc6
35. Be7 Kb5 36. Bc5 Ka4 37. Bxb6 axb6 38. Rc3 Rg8 39. Kf4 Rg4+ 40. Kf3 Rxd4 41.
Ke3 Rg4 42. Kf2 Kb5 43. Rf3 d4 44. Rxf7 c3 45. Rc7 Ka4 46. Kf3 Kb3 47. b5 c2 48.
a4 d3 49. a5 Rc4 50. Rxc4 Kxc4 51. a6 c1=Q 52. a7 Qf1+ 53. Ke4 Qa1 54. Kf4 Qxa7
55. Kg5 d2 56. Kxh5 d1=Q+ 57. Kg6 Qg4+ 58. Kf6 Qag7# 0-1

[Event "Women's Speed Chess Q7"]
[Site "chess.com INT"]
[Date "2021.06.06"]
[Round "6"]
[White "Luong, Phuong Hanh"]
[Black "Gaponenko, Inna"]
[Result "0-1"]
[WhiteTitle "WIM"]
[BlackTitle "IM"]
[WhiteElo "2229"]
[BlackElo "2357"]
[WhiteFideId "12401013"]
[BlackFideId "14101181"]
[EventDate "2021.06.06"]

1. d4 g6 2. Nf3 Bg7 3. g3 d6 4. Bg2 Nf6 5. O-O O-O 6. a4 Nc6 7. a5 e5 8. dxe5
dxe5 9. Nc3 Be6 10. Bg5 a6 11. h3 h6 12. Be3 Nd5 13. Nxd5 Qxd5 14. Nd4 Qd6 15.
Nxc6 bxc6 16. Qxd6 cxd6 17. Bxc6 Rab8 18. b3 d5 19. Bb6 Rfc8 20. Ba4 Rxc2 21. e3
e4 22. Rac1 Rxc1 23. Rxc1 Bxh3 24. Rd1 Be6 25. Bc6 d4 26. exd4 Bxb3 27. Rb1 Bc2
28. Rc1 Bd3 29. d5 Be5 30. Kg2 f5 31. Rh1 h5 32. Rc1 Kf7 33. Ba4 Ke7 34. Bc5+
Bd6 35. Be3 Bb5 36. Bb3 Kd7 37. Bd1 Rc8 38. Rb1 Rc3 39. Bb3 Bc7 40. Bd2 Rd3 41.
Bb4 Rd4 42. Bc3 Rd3 43. Bb4 Bd6 44. Bc2 Rd4 45. Bc3 Rc4 46. Rb3 Ba4 47. Rb7+ Kc8
48. Bxa4 Kxb7 49. Bc6+ Kc8 0-1

[Event "Women's Speed Chess Q7"]
[Site "chess.com INT"]
[Date "2021.06.06"]
[Round "6"]
[White "Vo, Thi Kim Phung"]
[Black "Vantika, Agrawal"]
[Result "1-0"]
[WhiteTitle "WGM"]
[BlackTitle "WIM"]
[WhiteElo "2335"]
[BlackElo "2286"]
[WhiteFideId "12401838"]
[BlackFideId "25050389"]
[EventDate "2021.06.06"]

1. d4 Nf6 2. c4 g6 3. Nc3 Bg7 4. e4 d6 5. Be2 O-O 6. Nf3 Nbd7 7. O-O e5 8. Bg5
h6 9. Bh4 c6 10. h3 exd4 11. Nxd4 Re8 12. Nc2 Qc7 13. Bg3 Bf8 14. Bd3 Nc5 15.
Re1 a5 16. Rc1 a4 17. Nd4 Qb6 18. Nce2 Nh5 19. b4 axb3 20. axb3 Nxg3 21. fxg3
Bg7 22. Kh2 Ne6 23. Nxe6 Bxe6 24. Bc2 h5 25. Nf4 Qc7 26. Qf3 Be5 27. Rf1 Qe7 28.
Rcd1 Ra2 29. Bb1 Rb2 30. Rf2 h4 31. Rxb2 Bxb2 32. gxh4 Qxh4 33. Nxe6 Rxe6 34.
Rf1 Be5+ 35. Kh1 Rf6 36. Qd3 Rxf1+ 37. Qxf1 Qg3 38. Kg1 Bd4+ 39. Kh1 Be5 40. Kg1
Kg7 41. Bc2 Qh2+ 42. Kf2 Qxh3 43. gxh3 Bd4+ 44. Ke2 Be5 45. Qf3 f6 46. Kd3 1-0

[Event "Women's Speed Chess Q7"]
[Site "chess.com INT"]
[Date "2021.06.06"]
[Round "6"]
[White "Berend, Elvira"]
[Black "Tokhirjonova, Gulrukhbegim"]
[Result "0-1"]
[WhiteTitle "WGM"]
[BlackTitle "WGM"]
[WhiteElo "2326"]
[BlackElo "2344"]
[WhiteFideId "4000510"]
[BlackFideId "14203626"]
[EventDate "2021.06.06"]

1. e4 e5 2. Nf3 Nc6 3. Bb5 a6 4. Ba4 Nf6 5. d3 b5 6. Bb3 Bc5 7. O-O d6 8. c3 O-O
9. h3 h6 10. d4 exd4 11. cxd4 Bb6 12. e5 Ne8 13. Nc3 dxe5 14. dxe5 Be6 15. Bxe6
fxe6 16. Qb3 Qe7 17. Ne4 Rxf3 18. Qxf3 Nxe5 19. Qe2 Nd6 20. Nxd6 cxd6 21. Be3
Bc7 22. Rac1 Rf8 23. b3 Ng6 24. Rfe1 Bb8 25. Qg4 Qf7 26. Bb6 e5 27. a4 d5 28.
axb5 axb5 29. Rf1 e4 30. Bd4 Bf4 31. Rc6 Kh7 32. h4 Ne7 33. Re6 Nf5 34. Qxf4
Qxe6 35. Ba1 Rf7 36. Qg4 d4 37. Re1 e3 38. fxe3 dxe3 39. h5 Re7 40. Qg6+ Qxg6
41. hxg6+ Kxg6 42. g4 Nh4 43. Re2 Kg5 44. Bd4 Kxg4 45. Rxe3 Rxe3 46. Bxe3 g5 47.
Bc5 Nf5 48. Kf2 h5 49. b4 h4 50. Kg2 h3+ 51. Kh2 Nh4 52. Kh1 Nf3 53. Bd6 Kf5 54.
Bc5 g4 55. Bd6 Ng5 56. Bg3 Ne4 57. Kh2 Nxg3 58. Kxg3 Ke4 0-1

[Event "Women's Speed Chess Q7"]
[Site "chess.com INT"]
[Date "2021.06.06"]
[Round "6"]
[White "Zhou, Qiyu"]
[Black "Batsiashvili, Nino"]
[Result "0-1"]
[WhiteTitle "FM"]
[BlackTitle "GM"]
[WhiteElo "2229"]
[BlackElo "2491"]
[WhiteFideId "505161"]
[BlackFideId "13602993"]
[EventDate "2021.06.06"]

1. e4 c6 2. d4 d5 3. e5 c5 4. dxc5 e6 5. Be3 Nd7 6. Nf3 Bxc5 7. Bd4 Ne7 8. c3
O-O 9. Bd3 Bxd4 10. cxd4 Qa5+ 11. Nc3 b5 12. Bxh7+ Kxh7 13. Ng5+ Kg6 14. Qg4 f5
15. exf6 Nxf6 16. Qg3 Nf5 17. Qf4 b4 18. Ne2 Ba6 19. O-O Bxe2 20. Rfe1 Qa6 21.
Nh3 Kh7 22. Qe5 Kg8 23. Rxe2 Rae8 24. Rae1 Ne4 25. f3 Nf6 26. Ng5 Qb6 27. Rd2
Nd7 28. Qf4 e5 29. Qg4 exd4 30. Rxe8 d3+ 31. Kf1 Ne3+ 32. Rxe3 Qxe3 33. Qe6+ Rf7
34. Qxf7+ Kh8 35. Qh5+ Kg8 36. Qf7+ Kh8 37. Qh5+ Kg8 38. Qh7+ Kf8 39. Qh8+ Ke7
40. Qxg7+ Kd6 41. Nf7+ Kc7 42. Qg3+ Kb7 43. Qf2 Qe6 44. Ng5 Qf5 45. h4 Ne5 46.
g4 Qf4 47. Kg2 Nc4 48. Rd1 d2 49. Qe2 Ne3+ 50. Kg1 Nxd1 51. Qxd1 Qe3+ 52. Kg2
Qe1 53. Qb3 d1=Q 54. Qxd1 Qxd1 55. h5 0-1

[Event "Women's Speed Chess Q7"]
[Site "chess.com INT"]
[Date "2021.06.06"]
[Round "6"]
[White "Kulkarni, Bhakti"]
[Black "Belenkaya, Dina"]
[Result "0-1"]
[WhiteTitle "IM"]
[BlackTitle "WGM"]
[WhiteElo "2391"]
[BlackElo "2341"]
[WhiteFideId "5019516"]
[BlackFideId "24142654"]
[EventDate "2021.06.06"]

1. d4 d5 2. c4 dxc4 3. Nf3 Nf6 4. e3 e6 5. Bxc4 a6 6. O-O c5 7. a4 Nc6 8. dxc5
Bxc5 9. Qxd8+ Kxd8 10. Rd1+ Ke7 11. Nc3 Bd7 12. e4 Ng4 13. Rd2 Rhd8 14. h3 Nge5
15. Nxe5 Nxe5 16. Be2 Bc6 17. Rxd8 Rxd8 18. Bf4 Nd3 19. Bg3 Nxb2 20. Rb1 Rd2 21.
Bf4 Rc2 22. Kf1 Rxc3 23. Rxb2 Ra3 24. Rc2 Ra1+ 25. Rc1 Rxc1+ 26. Bxc1 Bxa4 27.
Bf4 b5 28. f3 a5 29. Ke1 b4 30. Kd2 f6 31. Bc7 Bd4 32. Bxa5 Bc3+ 33. Kc1 Kd6 34.
Bc4 e5 35. Bd8 Bd7 36. Ba5 Kc5 37. Bd3 Be6 38. Ba6 Bc4 39. Bxc4 Kxc4 40. Bd8 Kd3
41. Be7 Ke3 42. Bf8 g6 43. Bg7 f5 44. exf5 gxf5 45. g4 f4 46. g5 Kxf3 47. h4 Kg4
48. Bf6 e4 49. Bxc3 bxc3 50. h5 Kxg5 51. Kc2 Kxh5 52. Kxc3 Kg4 53. Kd4 Kg3 54.
Kxe4 f3 55. Ke3 f2 56. Ke2 Kg2 57. Ke3 f1=Q 58. Ke4 Qf3+ 59. Kd4 h5 60. Ke5 h4
61. Ke6 h3 62. Ke7 h2 63. Kd6 h1=Q 64. Ke5 Qe1+ 65. Kd4 Qf4+ 66. Kd3 Qfd2+ 67.
Kc4 Qec1+ 68. Kb5 Qdb2+ 69. Ka4 Qca1# 0-1

[Event "Women's Speed Chess Q7"]
[Site "chess.com INT"]
[Date "2021.06.06"]
[Round "6"]
[White "Bivol, Alina"]
[Black "Hng, Mei-En Emmanuelle"]
[Result "1/2-1/2"]
[WhiteTitle "WGM"]
[BlackTitle "WFM"]
[WhiteElo "2374"]
[BlackElo "2013"]
[WhiteFideId "4100123"]
[BlackFideId "5804566"]
[EventDate "2021.06.06"]

1. e4 d6 2. d4 Nf6 3. Nc3 g6 4. Nf3 Bg7 5. Bc4 O-O 6. O-O Nc6 7. e5 dxe5 8. dxe5
Ng4 9. e6 Bxe6 10. Bxe6 fxe6 11. Qe2 e5 12. Qc4+ Kh8 13. Ng5 Qd4 14. Nf7+ Rxf7
15. Qxf7 Rf8 16. Qd5 Nb4 17. Qe4 Rxf2 18. Qxd4 Rxf1+ 19. Kxf1 exd4 20. Ne4 Nxc2
21. Rb1 Nxh2+ 22. Ke2 Ng4 23. Bf4 e5 24. Bg5 h6 25. Bd8 c6 26. a3 Nge3 27. b4 b5
28. Nd6 Nxa3 29. Ra1 Nec4 30. Nxc4 Nxc4 31. Rxa7 e4 32. Ra8 d3+ 33. Ke1 Bc3+ 34.
Kf2 d2 35. Bg5+ Kh7 36. Bxd2 Bxd2 37. Ke2 Bxb4 38. Rc8 Ne5 39. Re8 Nf7 40. Rxe4
c5 41. g4 Kg7 42. Re6 h5 43. gxh5 gxh5 44. Rb6 Bc3 45. Rxb5 Bd4 46. Rb7 Kg6 47.
Rb6+ Kg5 48. Rb7 Ne5 49. Rh7 Ng6 50. Rd7 h4 51. Rd5+ Kg4 52. Kf1 Nf4 53. Rd8 h3
54. Rg8+ Kf3 55. Rh8 Kg3 56. Rg8+ Kf3 57. Rh8 c4 58. Rd8 Be3 59. Rc8 h2 60. Rh8
Kg3 61. Rg8+ Kf3 62. Rh8 Bg1 63. Rh4 c3 64. Ke1 Bf2+ 65. Kf1 Bxh4 1/2-1/2

[Event "Women's Speed Chess Q7"]
[Site "chess.com INT"]
[Date "2021.06.06"]
[Round "6"]
[White "Grigoryan, Meri"]
[Black "Golubenko, Valentina"]
[Result "1-0"]
[WhiteTitle "WFM"]
[BlackTitle "WGM"]
[WhiteElo "2044"]
[BlackElo "2209"]
[WhiteFideId "13300571"]
[BlackFideId "4501993"]
[EventDate "2021.06.06"]

1. d4 Nf6 2. c4 g6 3. Nc3 Bg7 4. h3 c5 5. d5 d6 6. e4 O-O 7. Be2 e6 8. Bg5 exd5
9. exd5 a6 10. Nf3 Nbd7 11. O-O Qc7 12. Re1 Rb8 13. a4 Ne5 14. Nxe5 dxe5 15. Bf3
Ne8 16. Qd2 Nd6 17. b3 f5 18. Bh6 e4 19. Bxg7 Qxg7 20. Bd1 Bd7 21. Rc1 Rbe8 22.
Qf4 Qe5 23. Qh6 f4 24. Bg4 Bxg4 25. hxg4 e3 26. f3 Nf7 27. Qh4 Nd6 28. Kh2 g5
29. Qh3 Rf6 30. Kg1 Rg6 31. g3 Rf8 32. Qg2 Rff6 33. Re2 Rh6 34. Ne4 fxg3 35.
Nxg3 Qf4 36. Rf1 Nf7 37. Nf5 Ne5 38. Nxh6+ Rxh6 39. Ree1 Nd3 40. Re2 Nf2 41.
Rexf2 exf2+ 42. Qxf2 Rh3 43. Qg2 Rg3 44. Kf2 Rxg2+ 45. Kxg2 Qd2+ 46. Rf2 Qd3 47.
f4 gxf4 48. Rxf4 Qd2+ 49. Kg3 Qd3+ 50. Rf3 Qd4 51. Rf4 Qe5 52. Kf3 Kg7 53. Re4
Qc3+ 54. Re3 Qd4 55. Re4 Qd1+ 56. Kf4 Kf6 57. g5+ Kf7 58. Ke5 Qa1+ 59. Kd6 Qa3
60. Re7+ Kg6 61. Rxb7 Kxg5 62. Kc6 h5 63. d6 Qc1 64. d7 Qh1+ 65. Kc7 Qh2+ 66.
Kc8 Qd2 67. d8=Q+ Qxd8+ 68. Kxd8 h4 69. Rh7 Kg4 70. Kc7 h3 71. Kc6 Kg3 72. Kxc5
h2 73. Kb6 Kf3 74. Rxh2 1-0

[Event "Women's Speed Chess Q7"]
[Site "chess.com INT"]
[Date "2021.06.06"]
[Round "6"]
[White "Obregon Garcia, Roxangel"]
[Black "Priyanka, K"]
[Result "0-1"]
[WhiteTitle "WIM"]
[BlackTitle "WIM"]
[WhiteElo "2167"]
[BlackElo "2218"]
[WhiteFideId "3520420"]
[BlackFideId "5082986"]
[EventDate "2021.06.06"]

1. d4 Nf6 2. Bf4 g6 3. e3 Bg7 4. Nc3 d6 5. h4 h5 6. Nf3 Bg4 7. Be2 Nbd7 8. Ng5
Bxe2 9. Qxe2 e5 10. dxe5 dxe5 11. Bg3 c6 12. O-O-O Qe7 13. Qc4 Nb6 14. Qe2 Nfd5
15. Nxd5 cxd5 16. Nf3 O-O 17. Kb1 Rac8 18. Rc1 Nc4 19. Rhd1 Rfd8 20. c3 Nb6 21.
e4 dxe4 22. Qxe4 Re8 23. Re1 Rc4 24. Qe2 e4 25. Nd2 Ra4 26. f3 e3 27. Ne4 f5 28.
Ng5 f4 29. Bh2 Rc4 30. Rc2 Be5 31. Ne4 Rc6 32. g3 fxg3 33. Bxg3 Bxg3 34. Nxg3
Qxh4 35. Ne4 Rxe4 36. fxe4 Qxe4 37. Qxe3 Qxe3 38. Rxe3 Kf7 39. Re4 Re6 40. Rf2+
Rf6 41. Rfe2 g5 42. Re7+ Kg6 43. Rxb7 h4 44. Kc2 g4 45. Rxa7 Nd5 46. Ra8 Nf4 47.
Rg8+ Kf5 48. Re7 g3 49. Rh7 g2 50. Rxh4 Rg6 51. Rxg6 Nxg6 52. Rh5+ Kg4 53. Rh4+
Kxh4 54. a3 g1=Q 55. a4 Qb6 0-1

[Event "Women's Speed Chess Q7"]
[Site "chess.com INT"]
[Date "2021.06.06"]
[Round "6"]
[White "Petrova, Irina"]
[Black "Fominykh, Maria"]
[Result "1/2-1/2"]
[WhiteTitle "WIM"]
[BlackTitle "WGM"]
[WhiteElo "2110"]
[BlackElo "2206"]
[WhiteFideId "14124122"]
[BlackFideId "4142411"]
[EventDate "2021.06.06"]

1. e4 d6 2. d4 Nf6 3. Nc3 e5 4. dxe5 dxe5 5. Qxd8+ Kxd8 6. Bg5 Be6 7. g3 Bd6 8.
O-O-O Nd7 9. f4 Bg4 10. Be2 Bxe2 11. Ngxe2 h6 12. Bh4 Kc8 13. h3 a6 14. Rhe1 b5
15. Nd5 Nxe4 16. Nec3 Nxc3 17. Nxc3 exf4 18. gxf4 Bxf4+ 19. Kb1 g5 20. Bf2 Nf6
21. Bd4 Re8 22. Bxf6 Rxe1 23. Rxe1 Kb7 24. a3 Kc6 25. Re2 a5 26. Ne4 Re8 27. Nc3
Rb8 28. Ka2 b4 29. axb4 axb4 30. Ne4 Re8 31. Kb3 Bd6 32. Ng3 Ra8 33. Nf5 Bc5 34.
Bd4 Bf8 35. Kc4 Rd8 36. b3 Rd5 37. Ng3 Rb5 38. Ne4 Rf5 39. Ng3 Rf4 40. Rf2 Rxf2
41. Bxf2 Bd6 42. Nf5 Bf8 43. Bg3 Kd7 44. Kd5 c6+ 45. Kc4 Ke6 46. Nd4+ Kd7 47.
Ne2 f5 48. Nc1 f4 49. Bf2 Ke6 50. Nd3 h5 51. Nxb4 g4 52. hxg4 hxg4 53. Nxc6 g3
54. Nd4+ Ke5 55. Bg1 Ke4 56. Ne6 f3 57. Ng5+ Kf4 58. Nxf3 Kxf3 59. b4 Bh6 60. b5
Be3 61. Bxe3 Kxe3 62. b6 g2 63. b7 g1=Q 64. b8=Q Qg4+ 65. Kb5 Qf5+ 66. Kc6 Qxc2+
67. Kb7 Qb2+ 68. Kc8 Qxb8+ 69. Kxb8 1/2-1/2

[Event "Women's Speed Chess Q7"]
[Site "chess.com INT"]
[Date "2021.06.06"]
[Round "6"]
[White "Nikolova, Adriana"]
[Black "Kotepalli, Sai Nirupama"]
[Result "1-0"]
[WhiteTitle "WGM"]
[BlackTitle "WFM"]
[WhiteElo "2243"]
[BlackElo "1914"]
[WhiteFideId "2908689"]
[BlackFideId "5039444"]
[EventDate "2021.06.06"]

1. e4 c5 2. Nf3 e6 3. d4 cxd4 4. Nxd4 Nf6 5. Nc3 Nc6 6. Nb3 Bb4 7. Bd3 d5 8.
exd5 exd5 9. Qe2+ Be6 10. Bd2 O-O 11. O-O Re8 12. Qd1 Qd7 13. Ne2 Bd6 14. Bf4
Bg4 15. Bxd6 Qxd6 16. Qd2 Bxe2 17. Bxe2 Ne4 18. Qd1 Rac8 19. c3 Qg6 20. Nd4 Ne5
21. Bf3 Nxf3+ 22. Qxf3 Nd2 23. Qxd5 Nxf1 24. Rxf1 b6 25. Qb7 a5 26. g3 h6 27. h4
Qd6 28. Rd1 Qc7 29. Qd5 Rcd8 30. Qf5 a4 31. a3 Qe5 32. Qg4 Qf6 33. Rf1 Re5 34.
Kg2 b5 35. Qd1 Red5 36. Qg4 Rxd4 37. cxd4 Rxd4 38. Qc8+ Kh7 39. Qc2+ g6 40. Re1
Rc4 41. Qd2 Qc6+ 42. Kg1 Rc2 43. Qd4 Qc4 44. Qf6 Rc1 45. Rxc1 Qxc1+ 46. Kh2 Qc7
47. Kg2 Kg8 48. Kh2 Qd7 49. h5 Qg4 50. hxg6 fxg6 51. Qd8+ Kg7 52. Qc7+ Kf6 53.
Qb6+ Kg7 54. Qxb5 Qd4 55. Kg2 Qe4+ 56. Kh2 h5 57. Qd7+ Kh6 58. Qd2+ Kg7 59. Qe3
Qc2 60. Qc3+ Qxc3 61. bxc3 Kf6 62. Kg2 Ke6 63. Kf3 Kd5 64. Ke3 Kc4 65. Kd2 Kb3
66. Kd3 Kxa3 67. Kc2 Ka2 68. c4 g5 69. c5 h4 70. gxh4 gxh4 71. c6 h3 72. c7 h2
73. c8=Q h1=Q 74. Qc4+ Ka3 75. Qc3+ Ka2 76. Qb2# 1-0